00603nam a2200169 i 450000100060000000300090000600500170001500700030003200800410003510000270007624502130010326000350031630000220035165000260037370000140039985200200041331367ES-MaACL20250808012148.0t|030129s1956 sp ||||1| spa d1 aBaudouin, Louis Marie.10aCartas del venerable Luis María Baudouin, fundador de los Hijos de María Inmaculada y de las Ursulinas de Jesús. n1, pCartas sobre la vida religiosa / cLouis Marie Baudouin ; publicadas por A. Duret. aPamplona : bAramburu, c1956. a296 p. ; c20 cm. 7aVida religiosa2embne1 aDuret, A. aES-MaACLjP-833